000 00634nam a2200205 i 4500
001 39116
003 ES-MaACL
005 20230906155908.0
007 t|
008 030227s1959 sp ||||1| spa d
100 1 _aCamps y Arboix, Joaquim de.
_934331
245 1 3 _aLa masía catalana
_b: historia, arquitectura, sociología /
_cJoaquím de Camps i Arboix.
260 _aBarcelona :
_bAedos,
_c[1959] (
_fSimpar)
300 _a281 p., 44 lám. ;
_c22 cm.
490 1 _aBiográfica Aedos
650 4 _aMasías.
_9163794
830 0 _aBiográfica Aedos
_9229691
852 _aES-MaACL
_jC-16249
_bR.44417
999 _c39116
_d39116